1181 1435 1709 1940 1526 1741 1204 1499 1096 1351 1928 1241 1584 1587 1703 1202 1417 1244 1604 1268 1283 1960 1015 1401 1612 1277 1102 1415 1991 1819 1703 1578 1658 1245 1005 1391 1521 1776 1810 1649 1929 1961 1444 1719 1377 1127 1559 1199 1527 1477 1958 1821 1218 1015 1773 1450 1590 1734 1786 1468 1991 1243 1300 1765 1888 1359 1110 1324 1778 1357 1004 1252 1217 1629 1439 1166 1692 1979 1853 1819 1986 1586 1359 1424 1250 1687 1589 1851 1926 1809 1575 1794 1385 1259 1515 1979 1257 1595 1474 BCNSPRNW ULIB Ver.6.0+V

เปลี่ยนเป็นภาษาไทย

Change to English
 แสดงรายละเอียดบรรณานุกรม
  กลับหน้าหลัก

Brief Record : Get Marc (ISO 2709) : E-mail record : QR code < ปิดหน้าต่าง
LEADER : 00000nam 2200000uu 4500
001    13399111719
003     ULIB
008    110707s2554||||th 000 0 tha d
024    9786165001489
090    นว.^bอ334ว 2554
100 0  อรพิม
245 00 วิญญาณป่วนรัก/^cอรพิม
260    กรุงเทพฯ :^bพิมพ์คำ,^c2554
300    414 หน้า
945    ^p250^l0^i18287
995     เกษร
999     ^aใช้งานได้ทุกระบบ
รายการนี้ยังไม่มีแท็ก
คุณยังไม่ได้ล็อกอิน คุณสามารถมีกิจกรรมร่วมกับเว็บไซต์ได้ แต่ต้องล็อกอินก่อน ::
  ล็อกอิน

รายการสื่อสารสนเทศ

ลำดับที่ ประเภท เลขเรียก/บาร์โค้ด สถานที่ สถานะ
1. วิทยาศาสตร์การแพทย์ และสุขภาพ
วิทยาศาสตร์การแพทย์ และสุขภาพ
นว. อ334ว 2554  
  Barcode: 18287
ห้องสมุดวิทยาเขตสวรรค์ประชารักษ์
►นวนิยาย
บนชั้น
  ขอยืม

รายการใกล้เคียง
    ผู้แต่ง [อรพิม]

BibComment


ยังไม่เคยถูกคอมเมนท์

คอมเมนท์ทรัพยากรรายการนี้
  คอมเมนท์: วิญญาณป่วนรัก อรพิม


 Copyright 2026. Bcnsprnw @Library